| Поле | Инд. | ПП | Название | Значение |
|---|---|---|---|---|
| Тип записи | a | |||
| Библиографический уровень | m | |||
| 001 | Контрольный номер | 7b84a45d-22b3-494e-b329-96db7d99a8b8 | ||
| 005 | Дата корректировки | 20190620121047.3 | ||
| 008 | Кодируемые данные | 991020 d | ||
| 020 | a | ISBN | 5-88451-012-8 | |
| 020 | a | ISBN | 5-88451-005-5 | |
| 080 | a | Индекс УДК | 938 | |
| 084 | a | Индекс другой классификации/Индекс ББК | Т3(0)321.4 | |
| 090 | c | Каталожный индекс | Т3(0)321.4 | |
| x | Авторский знак | Д31 | ||
| a | Полочн. индекс | Т3(0)32 | ||
| 100 | 0_ | a | Автор | Демосфен |
| 245 | 00 | a | Заглавие | Речи |
| n | Номер части/ раздела | Т. 3 | ||
| b | Продолж. заглавия | В 3 т. | ||
| c | Ответственность | Пер. с греч. С.И. Радцига; Отв. ред.: Е.С. Голубцова и др.; Рос. акад. наук | ||
| 260 | 0_ | a | Место издания | Москва |
| b | Издательство | Памятники ист. мысли | ||
| c | Дата издания | 1996 | ||
| 300 | a | Объем | 623 с. | |
| 440 | _0 | a | Серия | Памятники ист. мысли |
| 500 | a | Примечание | Библиогр.: с.6-7. - Указ. имен: с.605-619. | |
| 583 | a | Действие | Получение впервые 165 14.05.97 | |
| k | Исполнитель действия | Кол-тор г. Москвы | ||
| x | Служебное примечание | 20596 | ||
| 650 | 04 | a | Основная рубрика | Греция Древняя |
| y | Хронологическая подрубрика | 4 в. до н.э. | ||
| 653 | 0_ | a | Ключевые слова | Древняя Греция |
| a | Ключевые слова | История Древней Греции | ||
| a | Ключевые слова | Источники | ||
| 700 | 1_ | a | Другие авторы | Голубцов Е.С. |
| e | Роль лиц | отв. ред. | ||
| 700 | 1_ | a | Другие авторы | Маринович Людмила Петровна |
| e | Роль лиц | отв. ред. | ||
| 700 | 1_ | a | Другие авторы | Фролов Э.Д. |
| e | Роль лиц | отв. ред. | ||
| 700 | 1_ | a | Другие авторы | Радциг С.И. |
| e | Роль лиц | пер. | ||
| 852 | 41 | t | Порядковый номер экземпляра | 1 |
| p | Инвентарный номер | 677162 | ||
| 852 | 41 | t | Порядковый номер экземпляра | 1 |
| p | Инвентарный номер | 682026 40134.00 | ||
| 888 | a | Пред.оплата | ||
| 930 | a | Новая/Ретро | Источники | |
| 952 | p | 165 40134.00 1 682026 | ||
| c | Вид литературы | К рн | ||
| 954 | a | Дата поступления на обработку | 17.04.97 | |
| 999 | a | Подразделение 2 | ч.з. | |
| a | Подразделение 2 | кх. |